Science Quiz

Random Science or Astronomy Quiz

'G' in Science Quiz Stats

 Plays Quiz Updated Jan 24, 2017

Support Sporcle.
Go Orange.
Score 0/20 Timer 05:00
5 Plays Today
Question Answer % Correct
What is the name of the field of science that deals with the history of the Earth and its life, especially as recorded in rocks?Geology
97%
What Italian scientist improved upon the telescope and discovered four of Jupiter's moons?Galileo Galilei
86.7%
What term refers to the attraction between two bodies of mass?Gravity
86.7%
What simple sugar (C6H12O6) is a product of photosynthesis and fuels cellular respiration?Glucose
84%
What phenomenon refers to the rising temperature of Earth's atmosphere since the late 19th century?Global Warming
82%
What biologically-hazardous electromagnetic radiation has high frequency, and therefore energy?Gamma Rays
77.4%
The movement of what large bodies of ice and snow result in cirques and moraines?Glaciers
77%
What biological discipline is the study of heredity and variation of organisms?Genetics
73.1%
What prefix denotes a magnitude of one billion in the metric system?Giga-
72.7%
What is the term that means to cause to sprout or develop, as in seedlings?Germination
72.5%
Question Answer % Correct
Which element, named after a country, has an atomic number of 32?Germanium
71.9%
What astronomical entities can be classified as elliptical, spiral, or irregular?Galaxies
68.8%
What term means relating to or utilizing the heat of the Earth's interior?Geothermal
66.6%
What is the name of the taxonomic rank that is one step above species in the Linnaean system?Genus
62%
What nucleobase is paired with cytosine in DNA?Guanine
56%
What device consists of a spinning wheel on an axis and is often used to measure or maintain orientation?Gyroscope
51.2%
What vegetation-covered biome occurs naturally on all continents except for Antarctica?Grasslands
47.5%
What largest moon of Jupiter is named after one of Zeus's lovers in Greek mythology?Ganymede
45%
What is the term for a mature male or female germ cell usually possessing a haploid chromosome set?Gamete
44.7%
What group of seed-producing plants (i.e. conifers, cycads, and ginkgoes) produce naked seeds not enclosed in an ovary?Gymnosperms
16.9%

You're not logged in!

Compare scores with friends on all Sporcle quizzes.
OR
Log In
Forgot?

From the Vault

One Word TV Shows (1990s)

by heatherksalem

Because two words can be one too many.
Remove Ads.
Support Sporcle.
Get the best of Sporcle when you Go Orange. This ad-free experience offers more features, more stats, and more fun while also helping to support Sporcle. Thank you for becoming a member.

Show Comments

Extras

Top Quizzes Today


Score Distribution

Your Account Isn't Verified!

In order to create a playlist on Sporcle, you need to verify the email address you used during registration. Go to your Sporcle Settings to finish the process.

Report this User

Report this user for behavior that violates our Community Guidelines.

Details: